The Use of Augmented Reality in Teaching General Mathematics Subjects at the Faculty of Economic Informatics of the University of Economics in Bratislava

Salvato in:
Dettagli Bibliografici
Autore principale: Simonka, Zsolt, 1974-
Natura: Capitolo di libro
Lingua:inglese
Soggetti:
Tags: Aggiungi Tag
Nessun Tag, puoi essere il primo ad aggiungerne!!

MARC

LEADER 00000naa$a2200000$$$4500
001 0305701
005 20260325131034.0
041 0 |a eng 
044 |a SK 
245 1 0 |a The Use of Augmented Reality in Teaching General Mathematics Subjects at the Faculty of Economic Informatics of the University of Economics in Bratislava  |c Zsolt Simonka 
500 |a Abstrakt 
610 2 0 |a teória a prax 
610 2 0 |a vzdelávanie 
610 2 0 |a realita rozšírená 
610 2 0 |a predmety učebné 
100 1 |a Simonka, Zsolt, 1974-